แสดงรายละเอียดบรรณานุกรม
  กลับหน้าหลัก

Brief Record : Get Marc (ISO 2709) : E-mail record : QR code ปิดหน้าต่าง
E-books : เกี่ยวกับ Collections
LEADER 00000nam 2200000uu 4500
001    212391
003     ULIBM
008    020711s2560 th a 000 0 tha d
020    9786164430846
041    ^atha^beng
060  4 WC528 ก451 2560
245    การดูแลรักษาเดงกีรุนแรงทางคลินิกในผู้ใหญ่=^bClinical management of severe dengue in adults/^cบรรณาธิการ, วิภา ธนาชาติเวทย์
246 31 ^aClinical Management of Severe Dengue in Adults
250    พิมพ์ครั้งที่ 1
260    กรุงเทพฯ :^bคณะเวชศาสตร์เขตร้อน มหาวิทยาลัยมหิดล,^c2560
300    xi,280 หน้า :^bภาพประกอบ ;^c26 ซม.
650  4 ไข้เลือดออก
650  4 ^aเด็งกี, ไวรัส^xการติดเชื้อ
650  4 ^aไวรัสไข้เลือดออก^xการวินิจฉัย
650  4 ^aไวรัสไข้เลือดออก^xการรักษา
650  4 ^aDengue viruses
700 0  ^aวิภา ธนาชาติเวทย์,^eบรรณาธิการ
710 2  ^aมหาวิทยาลัยมหิดล. คณะเวชศาสตร์เขตร้อน
999    ^aใช้งานได้ทุกระบบ
รายการนี้ยังไม่มีแท็ก
คุณยังไม่ได้ล็อกอิน คุณสามารถมีกิจกรรมร่วมกับเว็บไซต์ได้ แต่ต้องล็อกอินก่อน ::
  ล็อกอิน
ลำดับที่ ประเภท เลขเรียก สถานที่ สถานะ
1. การพยาบาล (ตำราหลัก)
การพยาบาล (ตำราหลัก)
WC528 ก451 2560 ฉ.1 
  
การพยาบาลผู้ใหญ่ On Shelf
  ขอยืม
Note:จัดซื้อปีงบประมาณ 2562
2. การพยาบาล (ตำราหลัก)
การพยาบาล (ตำราหลัก)
WC528 ก451 2560 ฉ.2 
  
การพยาบาลผู้ใหญ่ On Shelf
  ขอยืม
Note:จัดซื้อปีงบประมาณ 2562
3. การพยาบาล (ตำราหลัก)
การพยาบาล (ตำราหลัก)
WC528 ก451 2560 ฉ.3 
  
การพยาบาลผู้ใหญ่ On Shelf
  ขอยืม
Note:จัดซื้อปีงบประมาณ 2562
4. การพยาบาล (ตำราหลัก)
การพยาบาล (ตำราหลัก)
WC528 ก451 2560 ฉ.4 
  
การพยาบาลผู้ใหญ่ On Shelf
  ขอยืม
Note:จัดซื้อปีงบประมาณ 2562
5. การพยาบาล (ตำราหลัก)
การพยาบาล (ตำราหลัก)
WC528 ก451 2560 ฉ.5 
  
การพยาบาลผู้ใหญ่ On Shelf
  ขอยืม
Note:จัดซื้อปีงบประมาณ 2562
   [แสดง 5/5 รายการ]

รายการใกล้เคียง
    หัวเรื่อง [ไข้เลือดออก]

BibComment


ยังไม่เคยถูกคอมเมนท์

คอมเมนท์ทรัพยากรรายการนี้
  คอมเมนท์: การดูแลรักษาเดงกี..
Bib 212391

 
 
 

 Union Library Management : ULibM
Copyright 2026. All Rights Reserved.
скачать бесплатно без регистрации порно красивый секс HD Sex Hindi sex

xxx gou

xxxx

bfxxx

xxxwww

Секса Видео

xxxx

Секса Видео

detube

geilexxx

C99 Shell

worms shell

blod xxx video
Ebony Coed Rihanna Rimes Takes A Dick In Her Young Twat priyaa indian fuck anal and pusssy hardcore indian women xxx desi hardcore fucking part 1 bengalixxxcouple